000 00515 a2200205 4500
005 20260108101327.0
008 260106b |||||||| |||| 00| 0 eng d
020 _a978-93-93393-64-7
_cRs. 700.00
040 _aMAIN
082 _a612
_bS23A
100 _aSharma, Dheeraj Kumar
245 _aAnatomy and physiology
260 _bKhel Sahitya Kendra
_c2026
_aNew Delhi
300 _a151
650 _aAnatomy
650 _aPhysiology
700 _aPanwar Arjun Singh
700 _aAnuj Kumar
942 _cBK
999 _c393704
_d393704